banner-ar

الفن القبطي في مصر : (Record no. 63646)

MARC details
000 -الفاتح
حقل البيانات ثابتة الطول 01026nam a22002537a 4500
005 - وقت وتاريخ اخر تعامل مع التسجيلة
رقم الضبط 20240530110652.0
008 - عناصر البيانات ثابتة الطول - معلومات عامة
حقل البيانات ثابتة الطول 171214s2008 ua fb f b 011 0 ara d
017 ## - رقم الايداع القانونى
رقم الايداع القانونى 2008/23969
المصدر ( الهيئة المختصة) مصر . دار الكتب المصرية
020 ## - الرقم الدولى المعيارى للكتب
الرقم الدولى المعيارى للكتاب 9789774206365
040 ## - مصدر الفهرسة
وكالة الفهرسة الأصلية EG-CaGPL
082 04 - رقم تصنيف ديوى العشرى
رقم الطبعة 21
رقم التصنيف 709.02/
رقم المادة هـ ف
110 1# - المدخل الرئيسى - إسم هيئة
اسم الهيئة أو اسم السلطة كمدخل الهيئة المصرية العامة للكتاب .
245 12 - بيان العنوان
العنوان الفن القبطي في مصر :
بقية العنوان 2000 عام من المسيحية /
بيان المسئوليه,etc الهيئة المصرية العامة للكتاب .
250 ## - بيان الطبعة
بيان الطبعة ط. 1
260 ## - PUBLICATION, DISTRIBUTION, ETC. (IMPRINT)
تاريخ النشر أو التوزيع 2008 .
300 ## - الوصف المادى
التعداد 255 ص :
تفاصيل ماديه اخرى للوعاء ايض ، خرائط ؛
أبعاد الوعاء 30سم .
504 ## - تبصرة ببليوجرافية
تبصرة ببليوجرافية,الخ ببليوجرافية : ص249 - 253
650 04 - المدخل الاضافى بالموضوع-مصطلح موضوعى
مصدر الرأس أو المصطلح qrmak
مصطلح موضوعي الفن المسيحي
650 ## - المدخل الاضافى بالموضوع-مصطلح موضوعى
مصدر الرأس أو المصطلح qrmak
مصطلح موضوعي الاثار المسيحية
650 ## - المدخل الاضافى بالموضوع-مصطلح موضوعى
مصدر الرأس أو المصطلح qrmak
مصطلح موضوعي الحضارة المسيحية
653 04 - مصطلح تكشيفى غير مقيد
مصطلح غير مقيد الفن القبطي
942 ## - عناصر المدخل الإضافي( كوها)
مصدر التصنيف او مخطط الترفيف Dewey Decimal Classification
Koha [default] item type كتاب
260 ## - PUBLICATION, DISTRIBUTION, ETC. (IMPRINT)
-- القاهرة :
-- الهيئة المصرية العامة للكتاب ،
Holdings
حالة التراجع حالة الفقد حالة تلف ليس للاعارة المكان المؤقت الموقع الحالى تاريخ الاكتساب اجمالي اﻻعارات رقم الطلب الباركود تاريخ اخر مشاهدة تاريخ تفعيل السعر نوع وعاء كوها
        مكتبة الحضارة الاسلامية مكتبة الحضارة الاسلامية 12/14/2017   709.02/ هـ ف 163752 12/14/2017 12/14/2017 كتاب

Powered By

EGPV